000 01029nam0a22002651 4500
001 rc\3139137
005 20250530082627.0
021 _aRU
_b[75-41278ж]
035 _a(NLR Aleph) 007317804
090 _a5877638
_c5877638
100 _a20120615d1975 |||y0rusy50 ca
101 0 _arus
102 _aRU
105 _aa z |||||
200 1 _aТехнология кормления и содержания овец
_e[Сборник статей
_fРед. коллегия: В.С. Зарытовский (отв. ред.) и др.]
210 _aСтаврополь
_cБ. и.
_d1975
215 _a152 с.
_cил.
_d21
225 1 _aВсесоюзный научно-исследовательский институт овцеводства и козоводства. Труды
_vВып. 35. Т. 2
606 _aОвцеводство
_jСборники
_2psbo
702 1 _aЗарытовский
_bВ.С.
_4340
801 0 _aRU
_bNLR
_gpsbo
801 1 _aRU
_bELAR
_2rusmarc
852 _aNLR
_jП13/377
942 _cBOOK
980 _aNB